Roi de France : Anecdotes droles - Statistiques

Statistiques générales
  • Ce quiz a été pris 20 fois
  • Le résultat moyen est 5 sur 13
Statistiques - réponses
Hint Réponse % Correct
Il est mort en se cognant la tête contre un linteau de porte trop bas. Charles VII
70%
Passionné de chasse, il aurait tiré par la fenêtre du Louvre sur des protestants en fuite. Quand on dit qu’il aimait trop chasser… Charles IX
65%
Passionné de serrurerie, il préférait bricoler des serrures plutôt que gérer les finances du royaume. Louis XVI
65%
Il détestait qu’on rie de son accent franc en latin. Alors il obligeait tout le monde à parler… mal comme lui. Charlemagne
60%
Il est mort en poursuivant une jeune femme… et en se fracassant contre un linteau de porte. Encore un... Louis III
60%
Il se promenait parfois avec des petits chiens parfumés et des colliers extravagants. La cour était partagée entre fascination et moqueries. Henri III
55%
Il a attaqué ses propres chevaliers en pleine crise. Charles VI
50%
Il a tenté un coup surprise contre l’empereur germanique… sauf que l’effet surprise a surtout fonctionné contre lui. Lothaire
10%
Il a répudié sa femme pour épouser… une religieuse. L’Église a moyennement apprécié. Caribert Ier
5%
Il a épousé deux sœurs… en même temps. Clotaire Ier
5%
Excommunié pour avoir enlevé la femme d’un autre seigneur. Philippe Ier
5%
Il écrivait de la poésie… et a voulu ajouter des lettres à l’alphabet parce qu’il trouvait ça plus stylé. Cilphéric Ier
0%
Il a tenté d’annuler un mariage en prétendant que sa femme sentait mauvais. Philippe Auguste
0%
Aucun quiz correspondant
Distribution des résultats
% des personnes avec chaque résultat
Percentile par nombre de réponses
Votre historique - résultats
Vous n’avez pas pris ce quiz